Los enigmas de Colón : (Record no. 7278)
[ view plain ]
| 000 -CABECERA | |
|---|---|
| campo de control de longitud fija | 00718cam a2200193 a 4500 |
| 001 - NÚMERO DE CONTROL | |
| campo de control | 000007497 |
| 005 - FECHA Y HORA DE LA ÚLTIMA TRANSACCIÓN | |
| campo de control | 20240313182408.0 |
| 008 - DATOS DE LONGITUD FIJA--INFORMACIÓN GENERAL | |
| campo de control de longitud fija | 810109s1934 cl ab 000 0bspa |
| 040 ## - FUENTE DE LA CATALOGACIÓN | |
| Centro catalogador/agencia de origen | DO-SdBNP |
| Lengua de catalogación | spa |
| Centro/agencia transcriptor | BNPHU |
| 082 ## - NÚMERO DE LA CLASIFICACIÓN DECIMAL DEWEY | |
| Número de clasificación | 970.015 |
| Número de documento/Ítem | B816e |
| 100 1# - ENTRADA PRINCIPAL--NOMBRE DE PERSONA | |
| Nombre de persona | Branchi, E. C. E., |
| Fechas asociadas al nombre | 1883- |
| 9 (RLIN) | 20818 |
| 245 14 - MENCIÓN DE TÍTULO | |
| Título | Los enigmas de Colón : |
| Resto del título | América fué descubierta el 13 de octubre de 1492 / |
| Mención de responsabilidad, etc. | E. C. Branchi. |
| 260 ## - PUBLICACIÓN, DISTRIBUCIÓN, ETC. | |
| Lugar de publicación, distribución, etc. | Santiago, (Chile) : |
| Nombre del editor, distribuidor, etc. | Nascimento, |
| Fecha de publicación, distribución, etc. | 1934. |
| 300 ## - DESCRIPCIÓN FÍSICA | |
| Extensión | 154 p. : |
| Otras características físicas | il., map, diagr. ; |
| Dimensiones | 19 cm. |
| 500 ## - NOTA GENERAL | |
| Nota general | Erratas": antideslizante insertada. |
| 650 #4 - PUNTO DE ACCESO ADICIONAL DE MATERIA--TÉRMINO DE MATERIA | |
| Término de materia o nombre geográfico como elemento de entrada | América |
| Subdivisión general | Descripciones y viajes |
| 9 (RLIN) | 20819 |
| 650 #4 - PUNTO DE ACCESO ADICIONAL DE MATERIA--TÉRMINO DE MATERIA | |
| Término de materia o nombre geográfico como elemento de entrada | América |
| Subdivisión general | Descubrimiento y exploraciones |
| 9 (RLIN) | 20820 |
| 600 #0 - PUNTO DE ACCESO ADICIONAL DE MATERIA--NOMBRE DE PERSONA | |
| Nombre de persona | COLÓN, CRISTOBAL, |
| Fechas asociadas al nombre | 1436-1456 |
| 9 (RLIN) | 19795 |
| Estado de retiro | Estado de pérdida | Restricciones de uso | No para préstamo | Código de colección | Localización permanente | Ubicación/localización actual | Ubicación en estantería | Fecha de adquisición | Número de inventario | Total de préstamos | Signatura topográfica completa | Código de barras | Fecha visto por última vez | Precio válido a partir de | Tipo de ítem Koha |
|---|---|---|---|---|---|---|---|---|---|---|---|---|---|---|---|
| Préstamo interno | Monografías: Libros y Folletos | General | General | En catalogación | 08.09.2009 | LF1 | 970.015 B816e | 7497-10 | 25.06.2020 | 25.06.2020 | Préstamo interno |
